Biggest Cities of Europe in 700 AD with a Map - Statistics

General Stats
  • This quiz has been taken 1,918 times
  • The average score is 32 of 93
Answers on the Map
Answers color-coded by a green-red scale on the quiz's map according to % correct below.
 
Answer Stats
Population Cities % Correct
6k Lundenwic (London)
98%
44k Romi (Rome)
96%
240k Constantinople (Istanbul)
94%
3k Parisius (Paris)
94%
9k Athens
91%
21k Mediolanum (Milan)
88%
15k Olisippo (Lisbon)
87%
8k Neapolis (Naples)
84%
3k Venetia (Venice)
84%
5k Massilia (Marseille)
77%
10k Portus Cale (Porto)
77%
7k Genua (Genoa)
75%
5k Panormos (Palermo)
75%
11k Hispalis (Seville)
74%
5k Lugdunum (Lyon)
74%
50k Thessaloniki
74%
5k Burdigala (Bordeaux)
70%
3k Eoforwic (York)
64%
4k Serdike (Sofia)
64%
3k Tolosa (Toulouse)
60%
18k Corduba (Córdoba)
59%
3k Bononia (Bologna)
57%
3k Colonia (Cologne)
57%
10k Malaca (Málaga)
55%
4k Syrakousai (Syracuse)
53%
5k Caesaraugusta (Zaragoza)
50%
10k Toletum (Toledo)
49%
5k Verona
49%
3k Heraklion
48%
3k Chersonesos (Sevastopol)
47%
4k Hamwic (Southampton)
47%
5k Messene (Messina)
44%
3k Katane (Catania)
43%
5k Odessos (Varna)
39%
12k Ravenna
39%
5k Rotomagus (Rouen)
39%
5k Philippopolis (Plovdiv)
34%
5k Remorum (Reims)
34%
5k Civitas Turonum (Tours)
33%
3k Taras (Taranto)
32%
3k Castra Legionis (León)
31%
5k Adrianople (Edirne)
30%
4k Dyrrhachion (Durrës)
28%
5k Gipeswic (Ipswich)
28%
4k Mettis (Metz)
27%
5k Augusta Treverorum (Trier)
26%
4k Bracara Augusta (Braga)
25%
3k Doclea (Podgorica)
25%
5k Mogontiacum (Mainz)
25%
3k Nemausus (Nîmes)
25%
3k Ancona
24%
4k Tarraco (Tarragona)
23%
3k Carthago Nova (Cartagena)
22%
4k Narbo (Narbonne)
22%
4k Pyrgos (Burgas)
22%
5k Asta Regia (Jerez de la Frontera)
20%
3k Mantua
20%
5k Pictavis (Poitiers)
20%
4k Regium Lepidi (Reggio Emilia)
18%
3k Amalphia (Amalfi)
17%
4k Arelat (Arles)
17%
11k Augusta Emerita (Mérida)
16%
3k Papia (Pavia)
16%
5k Beneventum (Benevento)
15%
4k Vienna (Vienne)
15%
3k Aurgi (Jaén)
14%
4k Kafas (Feodosia)
14%
5k Larisa
14%
3k Akragas (Agrigento)
13%
4k Drepanon (Trapani)
12%
3k Ioannina
11%
4k Knossos
11%
4k Scodra (Shkodër)
10%
3k Chios
9%
~10k Balanjar (Makhachkala)
7%
5k Gortyna (Gortyn)
5%
3k Nicopolis (Preveza)
5%
4k Senones (Sens)
5%
3k Dorestate (Wijk bij Duurstede)
4%
3k Simeonis (Shumen)
4%
5k Sliven
4%
3k Astigi (Écija)
3%
3k Emporiae (Sant Marti d'Empúries)
3%
4k Maximianopolis (Komotini)
3%
3k Mesembria (Nesebar)
3%
3k Saguntum (Sagunto)
3%
3k Balsa (Tavira)
2%
4k Quentovic (La Calotterie)
2%
3k Silvium (Gravina in Puglia)
2%
4k Tamatarkha (Temryuk)
2%
5k Phanagoria (Sennoy)
1%
3k Reccopolis (Zorita de los Canes)
1%
4k Upakkri (Uppåkra)
0%
No matching quizzes found
Score Distribution
Percent of People with Each Score
Percentile by Number Answered
Your Score History
You have not taken this quiz